000 00651nam a2200181Ia 4500
008 100920s9999 xx 000 0 und d
082 _b102115
_a28 व 891,43 न 01
100 _aगौड भारत.
245 _aसचित्र बालकविताएँ.
260 _bलिट्रेसी हाऊस नई दिल्ली.
_c2001
300 _a96
_bसाधी
365 _b100
520 _aबा.वि.हिंदी.
630 _aसचित्र बालकविताएँ.
650 _aबा.वि.हिंदी.
730 _aसचित्र बालकविताएँ.
942 _cBOOK
999 _c742548
_d742545